Verukalude chora(വേരുകളുടെ ചോര) (Record no. 115333)

MARC details
000 -LEADER
fixed length control field 00244 a2200097 4500
020 ## - INTERNATIONAL STANDARD BOOK NUMBER
International Standard Book Number 9789370987296
100 ## - MAIN ENTRY--PERSONAL NAME
Personal name P. K. Parakkadavu
245 ## - TITLE STATEMENT
Title Verukalude chora(വേരുകളുടെ ചോര)
260 ## - PUBLICATION, DISTRIBUTION, ETC. (IMPRINT)
Name of publisher, distributor, etc D C books
Date of publication, distribution, etc 2025
942 ## - ADDED ENTRY ELEMENTS (KOHA)
Koha item type On order/under processing
Holdings
Withdrawn status Lost status Damaged status Not for loan Home library Current library Date acquired Source of acquisition Cost, normal purchase price Total Checkouts Barcode Date last seen Cost, replacement price Price effective from Koha item type
        University Library University Library 02/03/2026 275 80.00   00097417 02/03/2026 120.00 02/03/2026 On order/under processing
University Library, CUSAT